| 000 | 01495nam a2200373 i 4500 | ||
|---|---|---|---|
| 001 | 000008203 | ||
| 003 | DO-SdBNP | ||
| 005 | 20250306094007.0 | ||
| 007 | ta | ||
| 008 | 090915s2006 dr a 001 0 spa d | ||
| 020 | _a9945020064 | ||
| 040 |
_aDO-SdBNP _bspa _cBNPHU _erda |
||
| 082 | 4 |
_aRD868.3 _bA594o |
|
| 100 | 1 |
_aAngulo Guridi, Alejandro, _d1823-1906 _eautor _4aut. _922243 |
|
| 245 | 1 | 0 |
_aObras escogidas / _cAlejandro Angulo Guridi ; editor Andrés Blanco Díaz. |
| 264 | 4 |
_aSanto Domingo, República Dominicana : _bArchivo General de la Nación, _c©2006. |
|
| 300 |
_a3 volumen ; _c23 cm. |
||
| 336 |
_atexto _btxt _2rdacontent |
||
| 337 |
_asin mediación _bn _2rdamedia |
||
| 338 |
_avolumen _bnc _2rdacarrier |
||
| 490 | 0 |
_aArchivo General de la Nación _v22-24 |
|
| 500 | _aIncluye índice onomástico | ||
| 504 | _aIncluye referencias bibliográficas y notas al pie de las páginas | ||
| 505 | 1 | _av. 1. Artículos.-- v.2 Ensayos.--v. 3. Epistolario | |
| 600 | 1 | 4 |
_aAngulo Guridi, Alejandro, _d1823-1906 _vCorrespondencias, memorias, etc. _922244 |
| 650 | 0 |
_aEnsayos dominicanos _965 |
|
| 650 | 4 |
_aLiteratira dominicana _929302 |
|
| 651 | 4 |
_aRepública Dominicana _xHistoria _922245 _y1844-1864 |
|
| 651 | 4 |
_aRepública Dominicana _xPolítica y gobierno _ySiglo XIX _96306 |
|
| 651 | 4 |
_aAmérica Latina _xPolítica y gobierno _y1830-1948 _922246 |
|
| 700 | 1 |
_aBlanco Díaz, Andrés _eeditor _4ed. _9172 |
|
| 910 | _aValidado. Control de calidad BNPHU | ||
| 942 |
_2ddc _cLBS1 |
||
| 999 |
_c7977 _d7977 |
||